| 000 | 00504nmm a2200169Ia 4500 | ||
|---|---|---|---|
| 008 | 251105s9999||||xx |||||||||||||||||und|| | ||
| 020 | _a9788495839831 | ||
| 041 | _aspa | ||
| 100 | _aGarcía Ferrer, Alberto | ||
| 245 | 0 |
_aOjos que no ven? : _b Mil seiscientos cincuenta y nueve días |
|
| 264 |
_a[Madrid, España] : _bOcho y Medio, _c2004 |
||
| 300 | _a358 páginas | ||
| 490 | _aCautivos del mal | ||
| 650 | _aFilm studies | ||
| 856 | _uhttps://public.digitaliapublishing.com/a/393 | ||
| 942 | _cCF | ||
| 999 |
_c89679 _d89679 |
||